| 000 | 00406pam a2200157a 44500 | ||
|---|---|---|---|
| 008 | 230515b2003 xxu||||| |||| 00| 0 eng d | ||
| 020 | _a0 | ||
| 041 | _aENGLISH | ||
| 082 | _a618.2 DAW | ||
| 100 | _aDAWN C.S. | ||
| 245 | _aTEXT BOOK OF OBSTETRICS ANDNEONATOLOGY AND REPRODUCTIVE AND CHILD HEALTH EDUCATION | ||
| 250 | _a6TH | ||
| 260 |
_aKOLKATA _bDAWN BOOKS _c2003 |
||
| 300 | _a436 | ||
| 650 | _aN.D. | ||
| 999 |
_c480695 _d480695 |
||